000 02348nam a22002777a 4500
005 20160302140542.0
008 130419s1795||||sp ||||fr|||||001|0|spa d
040 _cSandra Yazo (modificó)
_dSandra Yazo (modificó)
_bspa
041 0 _aspa
082 0 4 _a616
_220
092 _aE03N035
100 1 _aVidal, Domingo
_930092
245 1 0 _aTratado patológico teórico-práctico de los tumores humorales,
_barreglado para instrucción de los alumnos del Real Colegio de Cirugía de Barcelona. Tomo I[-II]
_cpor el licenciado Don Domingo Vidal
250 _aTercera impresión
260 _aMadrid (España)
_bImprenta Real
_c1795
300 _a2 tomos en 1 volumen ([8], 167 ; [6], 176 páginas)
_c15 x 11 cm.
500 _aDetalles físicos: Encuadernación rígida en pergamino. Ejemplar empieza a desencuadernarse. Conserva parcialmente las guardas. Incluye dos portadas impresas en una sola tinta. Texto impreso en una sola columna con varios tipos y tamaños de letra. Notas al pie de página. Cenefas. Mayúsculas capitales. Signaturas. En la primera portada una anotación manuscrita de donación. Pergamino con manchas de suciedad. Conserva cinta para señalar la lectura
505 0 _aTomo I-II: Patología de los tumores: El flemón ; El furúnculo ; Los sabañones ; Los bubones -- Circulación de la linfa: Las parótidas ; Tumores erisipelatosos ; La sarna ; El herpes ; Edemas ; Tumores escirrosos ; Las escrófulas ; La ránula ; Los tumores enquistados -- Lupias o lobanillos ; Bocios ; Hernia gutural ; Tumores adiposos ; Enfisema -- Tomo II: Generalidades de las heridas: Las contusiones y heridas contusas ; Las heridas en particular ; Las úlceras en general ; Las úlceras complicadas ; Las úlceras malignas
506 _aConsulta en sala
546 _aTexto en español antiguo
650 7 _aHeridas
_xSignos y síntomas
_xObras anteriores a 1800
_930094
650 7 _aÚlceras
_xSignos y síntomas
_xObras anteriores a 1800
_930093
690 _aMedicina
_97820
856 4 1 _uhttps://books.google.com.co/books?id=Ln9sn9qqL3YC&printsec=frontcover&dq=tratado+patol%C3%B3gico+te%C3%B3rico-pr%C3%A1ctico+de+los+tumores+1795&hl=es&sa=X&redir_esc=y#v=onepage&q=tratado%20patol%C3%B3gico%20te%C3%B3rico-pr%C3%A1ctico%20de%20los%20tumores%201795&f=false
_zDisponible en línea
942 _cLIBRO
_e3
_a15
_2LOCAL
_hE03N035
999 _c68137
_d68137